00000000nam 2200000zi 4500
0019.945730
003CaOODSP
00520241204095735
006m     o  d f      
007cr |n|||||||||
008241128s1905    onc     o    f000 0 eng d
040 |aCaOODSP|beng|erda|cCaOODSP
043 |an-cn---
0861 |aZ1-1905/2E-PDF
1101 |aCanada.|bRoyal Commission to Investigate Alleged Employment of Aliens by the Père Marquette Railway Company in Canada, |eauthor, |eissuing body.
24514|aThe Royal Commission in re the alleged employment of aliens by the Pè€re Marquette Railway Company in Canada : |bminutes of evidence.
24637|aReport of Royal Commission : |baliens on Père Marquette Railway
264 1|aOttawa : |bKing's Printer, |c1905.
300 |a1 online resource (123 pages)
336 |atext|btxt|2rdacontent
337 |acomputer|bc|2rdamedia
338 |aonline resource|bcr|2rdacarrier
500 |aDigitized edition from print [produced by Government of Canada Publications Directorate].
500 |aJohn Winchester, chairman.
500 |aConcerning the alleged discrimination by the railway company against Canadians in favour of Americans in filling higher positions.
500 |aAt head of title: "4-5 Edward VII, Sessional paper no. 36d, A.1905."
550 |aIssued by the Department of Labour, Canada.
61020|aPère Marquette Railroad.
650 0|aWorking class|zCanada.
650 0|aForeign workers|zCanada.
650 0|aLabor policy|zCanada.
650 0|aRailroads|zCanada.
650 0|aRailroads|zUnited States.
650 6|aTravailleurs étrangers|zCanada.
650 6|aTravailleurs|zCanada.
650 6|aTravail|xPolitique gouvernementale|zCanada.
7101 |aCanada. |bPrivy Council Office, |eissuing body.
7101 |aCanada. |bDepartment of Labour, |eissuing body.
85640|qPDF|s9038 KB|uhttps://publications.gc.ca/collections/collection_2024/bcp-pco/Z1-1905-2-eng.pdf